00313nam a22000977a 4500008004100000082002100041245010000062260003600162300000900198440000800207230703b xxu||||| |||| 00| 0 eng d a342 16bIPU 1994 aConstitutional and Parliamentary InformationbAssociation of Secretaries General of Parliaments bInter-Parliamentary Unionc1994 a241p n168